Statistiques concernant Verbes irréguliers anglais

Cliquez ici pour prendre le quiz!

Statistiques générales

  • Ce quiz a été pris 3 166 fois
  • Le résultat moyen est 17 sur 20

Statistiques - réponses

VerbePrétéritParticipe passéTraduction% Correct
to bitebitbittenmordre
97%
to bewas/werebeenêtre
97%
to cutcutcutcouper
96%
to fightfoughtfoughtcombattre
93%
to hidehidhiddencacher
92%
to bendbentbentcourber
91%
to bringbroughtbroughtapporter
91%
to hanghunghungsuspendre
88%
to blowblewblownsouffler
86%
to thinkthoughtthoughtpenser
85%
to gowentgonealler
85%
to dwelldweltdweltdemeurer
84%
to teachtaughttaughtenseigner
84%
to writewrotewrittenécrire
84%
to shineshoneshonebriller
79%
to rideroderiddenaller à cheval
78%
to springsprangsprungjaillir
73%
to wearworewornporter (vêtements)
66%
to mistakemistookmistakense méprendre
64%
to withdrawwithdrewwithdrawnse retirer
64%

Distribution des résultats

Percentile par nombre de réponses

% des personnes avec chaque résultat

Votre développement - résultats

Vous n’avez pas pris ce quiz